[Event "Åpent Hordalandsmesterskap NGP 2016"]
[Site "SOS Barnebyer, Olsvik"]
[Date "2016.05.27"]
[Round "1"]
[White "Sekkingstad, Thomas"]
[Black "Merkesvik, Amalie Isabel"]
[Result "0-1"]
[WhiteElo "757"]
[BlackElo "1484"]
[PlyCount "118"]
[EventDate "2016.??.??"]

1. Nf3 Nf6 2. g3 d5 3. Bg2 g6 4. O-O Bg7 5. b3 Ne4 6. c3 c6 7. Qc2 Nd7 8. Bb2
e5 9. d3 Ng5 10. Nbd2 Nb6 11. e3 O-O 12. c4 Nxf3+ 13. Nxf3 Re8 14. Bc3 Qd6 15.
Bb2 dxc4 16. dxc4 Qe7 17. Qc3 Bg4 18. h3 Bd7 19. Rad1 f5 20. Nd2 e4 21. Qc2
Rad8 22. c5 Nd5 23. a3 Be6 24. b4 Bxb2 25. Qxb2 Qf6 26. Nc4 Qxb2 27. Nxb2 Nc3
28. Rd6 Rxd6 29. cxd6 Rd8 30. Nd1 Ne2+ 31. Kh1 Rxd6 32. Re1 Bb3 33. Rxe2 Rxd1+
34. Kh2 Bc4 35. Rc2 Bd3 36. Rb2 Rb1 37. Rxb1 Bxb1 38. Bf1 Bd3 39. Kg2 Bxf1+ 40.
Kxf1 Kf7 41. Ke2 Ke6 42. Kd2 Kd5 43. Kc3 g5 44. h4 h6 45. a4 b5 46. axb5 cxb5
47. Kb3 a6 48. Kc3 Ke5 49. Kd2 gxh4 50. gxh4 h5 51. Kc3 f4 52. Kd2 Kf5 53. Kc3
fxe3 54. fxe3 Kg4 55. Kd4 Kf3 56. Kc3 Kxe3 57. Kc2 Kf3 58. Kd2 e3+ 59. Ke1 e2
0-1

[Event "Åpent Hordalandsmesterskap NGP 2016"]
[Site "SOS Barnebyer, Olsvik"]
[Date "2016.05.27"]
[Round "1"]
[White "Haugsvær, Lisbeth"]
[Black "Sangolt, Jørgen"]
[Result "1/2-1/2"]
[WhiteElo "1414"]
[BlackElo "958"]
[PlyCount "89"]
[EventDate "2016.??.??"]

1. d4 Nf6 2. Nf3 d5 3. g3 Bf5 4. Bg2 e6 5. O-O c5 6. c4 Bxb1 7. Rxb1 Nc6 8.
cxd5 exd5 9. dxc5 Bxc5 10. Qb3 Qb6 11. Qxb6 Bxb6 12. Rd1 Ne4 13. e3 Rd8 14. Nd2
Nf6 15. Nf3 O-O 16. b3 Rfe8 17. Bb2 Ne4 18. Nd4 Nxd4 19. Bxd4 Bxd4 20. Rxd4 Re5
21. Rbd1 Nc3 22. R1d2 b6 23. e4 f5 24. f3 fxe4 25. fxe4 Kf7 26. R4d3 Nxe4 27.
Bxe4 Rxe4 28. Rxd5 Rxd5 29. Rxd5 Ke6 30. Rd8 Re1+ 31. Kf2 Ra1 32. Rd2 g5 33.
Kf3 h5 34. Ke4 Re1+ 35. Kf3 Ke5 36. h3 Re4 37. Rd7 g4+ 38. hxg4 hxg4+ 39. Kf2
a5 40. Rb7 Rb4 41. Ke3 a4 42. bxa4 Rxa4 43. Rxb6 Rxa2 44. Rb5+ Kf6 45. Rb6+
1/2-1/2

[Event "Åpent Hordalandsmesterskap NGP 2016"]
[Site "SOS Barnebyer, Olsvik"]
[Date "2016.05.27"]
[Round "1"]
[White "Borlaug, Jonas Kleppe"]
[Black "Khan, Imad Ali"]
[Result "0-1"]
[WhiteElo "529"]
[BlackElo "1412"]
[PlyCount "66"]
[EventDate "2016.??.??"]

1. e4 c6 2. Nf3 d5 3. Nc3 Bg4 4. d3 e6 5. Bf4 Qb6 6. b3 Bb4 7. Qd2 d4 8. a3
Bxc3 9. Qxc3 dxc3 10. Be3 Qc7 11. Bf4 Qxf4 12. Be2 Bxf3 13. Bxf3 Qd2+ 14. Kf1
Qxc2 15. b4 Qb2 16. Re1 c2 17. h4 c1=Q 18. Rxc1 Qxc1+ 19. Ke2 Qxh1 20. g3 Qa1
21. Ke3 Qxa3 22. g4 Qxb4 23. g5 a5 24. h5 Qe1+ 25. Kd4 Qxf2+ 26. Kc3 Qxf3 27.
Kd2 Qxh5 28. Kc2 Qxg5 29. Kd1 Qg2 30. d4 a4 31. Kc1 a3 32. Kd1 a2 33. Kc1 a1=Q#
0-1

[Event "Åpent Hordalandsmesterskap NGP 2016"]
[Site "SOS Barnebyer, Olsvik"]
[Date "2016.05.27"]
[Round "1"]
[White "Fjeldstad, Vegard Lauvik"]
[Black "Gandrud, Vegar Koi"]
[Result "0-1"]
[WhiteElo "685"]
[BlackElo "2253"]
[PlyCount "84"]
[EventDate "2016.??.??"]

1. e4 c5 2. c3 g6 3. d4 cxd4 4. cxd4 d5 5. Nc3 dxe4 6. Nxe4 Bg7 7. Nf3 Nf6 8.
Bd3 O-O 9. O-O Nc6 10. Bc2 Bg4 11. Nxf6+ Bxf6 12. Bh6 Re8 13. Ba4 Qd5 14. Bxc6
bxc6 15. Be3 Rad8 16. h3 Bxf3 17. Qxf3 Qxf3 18. gxf3 Bxd4 19. Rac1 c5 20. Rfd1
Rd7 21. b4 Bxe3 22. fxe3 Rxd1+ 23. Rxd1 cxb4 24. Rd7 a6 25. Ra7 Rc8 26. Rxa6
Rc3 27. Kf2 Ra3 28. Rxa3 bxa3 29. Ke2 g5 30. f4 h6 31. Kf3 Kg7 32. e4 Kg6 33.
Kg4 e6 34. e5 h5+ 35. Kf3 Kf5 36. fxg5 Kxg5 37. Ke4 Kh4 38. Kf4 Kxh3 39. Kg5
Kg3 40. Kxh5 Kf4 41. Kh6 Kxe5 42. Kg7 f5
0-1

[Event "Åpent Hordalandsmesterskap NGP 2016"]
[Site "SOS Barnebyer, Olsvik"]
[Date "2016.05.27"]
[Round "1"]
[White "Mansoor, Afras"]
[Black "Fjeldstad, Monica Lauvik"]
[Result "1-0"]
[WhiteElo "1633"]
[BlackElo "711"]
[PlyCount "87"]
[EventDate "2016.??.??"]

1. d4 Nf6 2. Bg5 d5 3. e3 e6 4. Bd3 Be7 5. Nd2 O-O 6. f4 Nbd7 7. Ngf3 c5 8. c3
h6 9. Bxf6 Nxf6 10. O-O b6 11. Ne5 Bb7 12. Qf3 Nd7 13. g4 f5 14. Qg2 Nxe5 15.
fxe5 g6 16. gxf5 Bg5 17. Kh1 exf5 18. h4 Kh7 19. hxg5 Qxg5 20. Qxg5 hxg5 21.
Kg2 Kg7 22. Kg3 Rae8 23. Rf2 Bc8 24. Rh1 Rf7 25. Rfh2 f4+ 26. exf4 gxf4+ 27.
Kf3 g5 28. Rh7+ Kf8 29. Rh8+ Ke7 30. Rxe8+ Kxe8 31. Bg6 g4+ 32. Kf2 Bf5 33.
Bxf7+ Kxf7 34. b4 Be4 35. Nxe4 dxe4 36. Rh4 e3+ 37. Kf1 Ke6 38. Rxg4 Kf5 39.
Rg8 f3 40. Rf8+ Ke4 41. Rxf3 Kxf3 42. e6 e2+ 43. Ke1 Ke3 44. e7
1-0

[Event "Åpent Hordalandsmesterskap NGP 2016"]
[Site "SOS Barnebyer, Olsvik"]
[Date "2016.05.27"]
[Round "1"]
[White "Mansoor, Areeb"]
[Black "Brattetveit, Olav"]
[Result "0-1"]
[WhiteElo "543"]
[BlackElo "1034"]
[PlyCount "76"]
[EventDate "2016.??.??"]

1. e4 c5 2. Nc3 Nc6 3. Bb5 d6 4. Nd5 Bd7 5. Bc4 g6 6. Qf3 Ne5 7. Qb3 Nxc4 8.
Qxc4 Bg7 9. Rb1 Nf6 10. b4 Rc8 11. Nxf6+ Bxf6 12. bxc5 Rxc5 13. Qb3 Rb5 14.
Qxb5 Bxb5 15. Rxb5 Qc7 16. Ba3 Qxc2 17. Rxb7 Qxe4+ 18. Ne2 Qxb7 19. O-O Qa6 20.
Bb4 Qxe2 21. a4 O-O 22. Rc1 Rb8 23. Rb1 Rxb4 24. Rc1 Qxd2 25. Rf1 Rc4 26. g3
Rc1 27. Rxc1 Qxc1+ 28. Kg2 d5 29. Kf3 d4 30. Ke4 Qe1+ 31. Kd3 Qb1+ 32. Kc4 d3
33. Kc5 d2 34. Kc4 d1=R 35. Kc5 Qc2+ 36. Kb5 Rb1+ 37. Ka5 Qc5+ 38. Ka6 Qb6#
0-1

[Event "Åpent Hordalandsmesterskap NGP 2016"]
[Site "SOS Barnebyer, Olsvik"]
[Date "2016.05.27"]
[Round "1"]
[White "Ringen, Julian Lothe"]
[Black "Merkesvik, Sondre"]
[Result "0-1"]
[WhiteElo "878"]
[BlackElo "2242"]
[PlyCount "80"]
[EventDate "2016.??.??"]

1. f4 d5 2. Nf3 g6 3. g3 Bg7 4. Bg2 c5 5. O-O Nc6 6. d3 Bg4 7. h3 Bxf3 8. Bxf3
Nf6 9. e4 dxe4 10. dxe4 Qxd1 11. Rxd1 Nd4 12. Nd2 Nxf3+ 13. Nxf3 Nxe4 14. Kg2
Rd8 15. Rxd8+ Kxd8 16. Be3 Kc7 17. c3 b6 18. Re1 e6 19. Bg1 Nd6 20. Ne5 Rd8 21.
a4 Bxe5 22. Rxe5 Nc4 23. Re2 Rd2 24. Rxd2 Nxd2 25. Kf2 Nc4 26. b3 Nd2 27. b4
Ne4+ 28. Ke1 Nxc3 29. bxc5 Nxa4 30. cxb6+ axb6 31. Bd4 Kc6 32. Kd2 b5 33. Kc2
Nc5 34. Bg7 Ne4 35. g4 f5 36. g5 Nd6 37. Be5 Nc4 38. Bc3 Nb6 39. Ba5 Nd5 40.
Be1 Nxf4
0-1

[Event "Åpent Hordalandsmesterskap NGP 2016"]
[Site "SOS Barnebyer, Olsvik"]
[Date "2016.05.28"]
[Round "2"]
[White "Merkesvik, Amalie Isabel"]
[Black "Sunde, Nicholas"]
[Result "1/2-1/2"]
[WhiteElo "1484"]
[BlackElo "1134"]
[PlyCount "87"]
[EventDate "2016.??.??"]

1. e4 c5 2. Nf3 d6 3. d4 cxd4 4. Nxd4 Nf6 5. Nc3 g6 6. Be2 Bg7 7. Be3 O-O 8.
O-O Nc6 9. h3 Bd7 10. Qd2 a6 11. Rad1 Qc7 12. f4 Rac8 13. Nf3 Nb4 14. a3 Nc6
15. e5 Ne8 16. exd6 Nxd6 17. Nd5 Qb8 18. Nxe7+ Nxe7 19. Qxd6 Qxd6 20. Rxd6 Be6
21. Bd4 Rxc2 22. Bd3 Bxd4+ 23. Nxd4 Rxb2 24. Nxe6 fxe6 25. Rxe6 Nf5 26. Rf2
Rxf2 27. Kxf2 Kg7 28. Rb6 Rf7 29. Be4 Nd4 30. Rxb7 Rxb7 31. Bxb7 a5 32. a4 Kf6
33. Be4 h6 34. Ke3 Ne6 35. g4 g5 36. f5 Nf4 37. h4 Ke5 38. hxg5 hxg5 39. Bc6
Kd6 40. Bb5 Ke5 41. Bc4 Ng2+ 42. Kf3 Nf4 43. Bb5 Nd5 44. Be8
1/2-1/2

[Event "Åpent Hordalandsmesterskap NGP 2016"]
[Site "SOS Barnebyer, Olsvik"]
[Date "2016.05.28"]
[Round "2"]
[White "Sangolt, Jørgen"]
[Black "Opdahl, Jens Christian L"]
[Result "0-1"]
[WhiteElo "958"]
[BlackElo "1172"]
[PlyCount "60"]
[EventDate "2016.??.??"]

1. d4 d5 2. Bf4 Bf5 3. e3 Nf6 4. Be2 e6 5. Nf3 Nbd7 6. O-O c5 7. c4 cxd4 8.
exd4 Be7 9. a3 O-O 10. c5 Ne4 11. Nbd2 Ndf6 12. Ne5 Nxd2 13. Bxd2 Nd7 14. f4 f6
15. Nxd7 Qxd7 16. g4 Be4 17. Rc1 Rac8 18. Rc3 e5 19. Be1 Qc7 20. Bg3 exd4 21.
f5 Qc6 22. Qxd4 Bxc5 23. Qxc5 Qxc5+ 24. Rxc5 Rxc5 25. Bd6 Rc2 26. Bf3 Rfc8 27.
Bxe4 dxe4 28. g5 Rc1 29. Rxc1 Rxc1+ 30. Kg2 fxg5
0-1

[Event "Åpent Hordalandsmesterskap NGP 2016"]
[Site "SOS Barnebyer, Olsvik"]
[Date "2016.05.28"]
[Round "2"]
[White "Haldorsen, Benjamin"]
[Black "Haugsvær, Lisbeth"]
[Result "1-0"]
[WhiteElo "2198"]
[BlackElo "1414"]
[PlyCount "47"]
[EventDate "2016.??.??"]

1. e4 e5 2. Nf3 Nc6 3. Bb5 a6 4. Ba4 Nf6 5. O-O b5 6. Bb3 Be7 7. a4 b4 8. Re1
O-O 9. d4 exd4 10. e5 Ne8 11. Nxd4 Nxd4 12. Qxd4 c5 13. Qe4 Rb8 14. Bf4 d6 15.
Nd2 Bb7 16. Qe2 dxe5 17. Bxe5 Bd6 18. Nc4 Bxe5 19. Nxe5 Qg5 20. g3 Nf6 21. Rad1
Rbe8 22. Nxf7 Qh5 23. Qxh5 Nxh5 24. Nd6+
1-0

[Event "Åpent Hordalandsmesterskap NGP 2016"]
[Site "SOS Barnebyer, Olsvik"]
[Date "2016.05.28"]
[Round "2"]
[White "Khan, Imad Ali"]
[Black "Mansoor, Afras"]
[Result "1-0"]
[WhiteElo "1412"]
[BlackElo "1633"]
[PlyCount "79"]
[EventDate "2016.??.??"]

1. d4 Nf6 2. c4 e6 3. g3 b6 4. Bg2 d5 5. Nc3 Bb7 6. Nf3 Nbd7 7. O-O Bd6 8. b3
O-O 9. Bb2 Qe7 10. Nb5 Ne4 11. Nd2 Nxd2 12. Qxd2 Bb4 13. Qe3 c6 14. Nc3 Rac8
15. a3 Bd6 16. Qd3 Nf6 17. e4 e5 18. exd5 cxd5 19. Nxd5 Nxd5 20. cxd5 exd4 21.
Qxd4 f6 22. Qe4 Qxe4 23. Bxe4 Rc5 24. Rac1 Rb5 25. b4 f5 26. Bd3 Rxd5 27. Bc4
Rd8 28. Rfd1 Be7 29. Bxd5+ Rxd5 30. Rxd5 Bxd5 31. Rc8+ Kf7 32. Rc7 g6 33. Rxa7
Ke6 34. Ra6 Bd8 35. Bd4 Kd6 36. Bxb6 Bxb6 37. Rxb6+ Kc7 38. Ra6 Kb7 39. Rd6 Bc6
40. Rxc6
1-0

[Event "Åpent Hordalandsmesterskap NGP 2016"]
[Site "SOS Barnebyer, Olsvik"]
[Date "2016.05.28"]
[Round "2"]
[White "Gandrud, Vegar Koi"]
[Black "Rønnestad, Liam Jansson"]
[Result "1-0"]
[WhiteElo "2253"]
[BlackElo "1240"]
[PlyCount "75"]
[EventDate "2016.??.??"]

1. d4 Nf6 2. c4 c5 3. d5 b5 4. cxb5 a6 5. bxa6 g6 6. Nc3 d6 7. Nf3 Bg7 8. e4
Bxa6 9. Be2 O-O 10. O-O Nbd7 11. a4 Qb6 12. Qc2 Rfb8 13. Nb5 Bxb5 14. Bxb5 Ra7
15. Bd2 Ng4 16. Bc3 Nge5 17. Nd2 Qc7 18. h3 Nf6 19. Rad1 Ned7 20. Nc4 h5 21. f4
Ne8 22. f5 Kh7 23. fxg6+ fxg6 24. Rf7 Ne5 25. Bxe5 dxe5 26. d6 Nxd6 27. Rxd6
Rd8 28. Rxd8 Qxd8 29. Qd2 Qxd2 30. Nxd2 Kg8 31. Rf3 Bf6 32. Rd3 Kf7 33. Nc4 Rb7
34. Rd8 Rc7 35. a5 Ke6 36. Nb6 Kf7 37. Rd7 Rxd7 38. Bxd7
1-0

[Event "Åpent Hordalandsmesterskap NGP 2016"]
[Site "SOS Barnebyer, Olsvik"]
[Date "2016.05.28"]
[Round "2"]
[White "Fjeldstad, Monica Lauvik"]
[Black "Fjeldstad, Vegard Lauvik"]
[Result "1-0"]
[WhiteElo "711"]
[BlackElo "685"]
[PlyCount "71"]
[EventDate "2016.??.??"]

1. d4 d5 2. c4 c6 3. Nc3 Bf5 4. Qb3 b6 5. Nf3 e6 6. cxd5 cxd5 7. Qb5+ Qd7 8. e3
Nf6 9. Ne5 Qxb5 10. Bxb5+ Nbd7 11. O-O a6 12. Bc6 Rb8 13. a4 Kd8 14. Nxf7+ Kc7
15. Nxh8 Kxc6 16. Nf7 h6 17. Ne5+ Kd6 18. Nxd7 Kxd7 19. b3 Bd3 20. Rd1 Bc2 21.
Rd2 Bxb3 22. Ba3 b5 23. Bxf8 Rxf8 24. axb5 axb5 25. Rb2 Bc4 26. Nxb5 Bxb5 27.
Rxb5 Ne4 28. f3 Nd6 29. Ra7+ Kc6 30. Rba5 Nc4 31. Rc5+ Kb6 32. Rxg7 Nxe3 33.
Rgc7 Re8 34. Rc1 Nf5 35. R7c3 Nxd4 36. Rb1+
1-0

[Event "Åpent Hordalandsmesterskap NGP 2016"]
[Site "SOS Barnebyer, Olsvik"]
[Date "2016.05.28"]
[Round "2"]
[White "Brattetveit, Olav"]
[Black "Merkesvik, Sondre"]
[Result "0-1"]
[WhiteElo "1034"]
[BlackElo "2242"]
[PlyCount "106"]
[EventDate "2016.??.??"]

1. e4 c6 2. d4 d5 3. Nc3 dxe4 4. Nxe4 Bf5 5. Ng3 Bg6 6. Nf3 Nd7 7. Be2 Ngf6 8.
O-O e6 9. Re1 Bd6 10. Nf1 Qc7 11. Ne3 O-O 12. Nc4 Bf4 13. Bxf4 Qxf4 14. Qd2
Qxd2 15. Nfxd2 Bxc2 16. Nd6 Rab8 17. Rac1 Bg6 18. Bf3 Bh5 19. Bxh5 Nxh5 20.
N2c4 Nf4 21. Re3 Nf6 22. Rc2 Rfd8 23. Rd2 b5 24. Nxf7 Kxf7 25. Ne5+ Kf8 26. Rf3
N4d5 27. g4 Rbc8 28. g5 Ke7 29. gxf6+ gxf6 30. Nd3 Nb6 31. Nc5 Nd7 32. Nb7 Rg8+
33. Kf1 Rc7 34. Na5 Rg5 35. Rc3 Kd6 36. Rdc2 Nb8 37. Rb3 Rd5 38. a4 a6 39. Rb4
Nd7 40. axb5 cxb5 41. Rxc7 Kxc7 42. Nb3 Kb6 43. Nc5 Nxc5 44. dxc5+ Kxc5 45. Rh4
h5 46. Rf4 Rf5 47. Re4 e5 48. Kg2 Rf4 49. Re3 a5 50. Rh3 h4 51. Rf3 Rxf3 52.
Kxf3 a4 53. Ke4 b4
0-1

[Event "Åpent Hordalandsmesterskap NGP 2016"]
[Site "SOS Barnebyer, Olsvik"]
[Date "2016.05.28"]
[Round "2"]
[White "Mansoor, Areeb"]
[Black "Ringen, Julian Lothe"]
[Result "0-1"]
[WhiteElo "543"]
[BlackElo "878"]
[PlyCount "98"]
[EventDate "2016.??.??"]

1. e4 e5 2. Nf3 Nc6 3. Bb5 a6 4. Bxc6 dxc6 5. Nc3 f6 6. d3 Bg4 7. Be3 Bb4 8. a3
Bxc3+ 9. bxc3 Ne7 10. Qb1 b6 11. O-O Bxf3 12. gxf3 O-O 13. Qb3+ Kh8 14. Qe6 Qe8
15. Qh3 f5 16. d4 fxe4 17. fxe4 Qg6+ 18. Qg2 Qxg2+ 19. Kxg2 Ng6 20. dxe5 Nxe5
21. Bd4 Rae8 22. f4 Nc4 23. e5 c5 24. Bg1 Nd2 25. Rf2 Ne4 26. Rff1 Nxc3 27. f5
Rxe5 28. Rae1 Rxe1 29. Rxe1 h6 30. Re3 Nd5 31. Rf3 Ne7 32. h4 Nxf5 33. Kh3 Rf6
34. Rd3 Rd6 35. Rb3 Rd1 36. Bf2 Rd2 37. Be1 Rxc2 38. Rd3 c4 39. Rd7 c5 40. Ra7
c3 41. Bxc3 Rxc3+ 42. Kg4 Ne3+ 43. Kf4 Rxa3 44. Ra8+ Kh7 45. Rb8 b5 46. Re8 c4
47. h5 Nd5+ 48. Ke4 Nf6+ 49. Kf4 Nxe8
0-1

[Event "Åpent Hordalandsmesterskap NGP 2016"]
[Site "SOS Barnebyer, Olsvik"]
[Date "2016.05.28"]
[Round "2"]
[White "Kringstad, Svein Erik"]
[Black "Havnerås, Ivar"]
[Result "0-1"]
[WhiteElo "1058"]
[BlackElo "835"]
[PlyCount "70"]
[EventDate "2016.??.??"]

1. e4 c5 2. Nf3 d6 3. d4 cxd4 4. Nxd4 Nf6 5. Nc3 g6 6. Bc4 Bg7 7. O-O O-O 8. h3
Nc6 9. Be3 Bd7 10. Qd2 Rc8 11. f4 Qc7 12. Bb3 a6 13. f5 b5 14. fxg6 hxg6 15.
Nf3 Qb8 16. Bh6 Rfe8 17. Nh4 b4 18. Ne2 e6 19. Bxg7 Kxg7 20. Qf4 Qb6+ 21. Kh2
Qd8 22. Rad1 e5 23. Qf2 Rh8 24. Rxd6 Ng4+ 25. hxg4 Qxh4+ 26. Qxh4 Rxh4+ 27. Kg3
Rxg4+ 28. Kh2 Rh8+ 29. Kg1 Be8 30. Ba4 Rxe4 31. Rf2 Nd4 32. Nxd4 Rxd4 33. Rxa6
e4 34. Ra7 e3 35. Re2 Rd1+
0-1

[Event "Åpent Hordalandsmesterskap NGP 2016"]
[Site "SOS Barnebyer, Olsvik"]
[Date "2016.05.28"]
[Round "2"]
[White "Næss, Shjalg Ole"]
[Black "Bogevåg, Roy Andre B"]
[Result "1-0"]
[WhiteElo "762"]
[BlackElo "544"]
[PlyCount "105"]
[EventDate "2016.??.??"]

1. Nf3 Nc6 2. e4 e5 3. Bb5 d6 4. d4 exd4 5. Nxd4 Nf6 6. Nxc6 bxc6 7. Bxc6+ Bd7
8. Bxa8 Qxa8 9. Nc3 Be7 10. O-O O-O 11. Bg5 Qb7 12. Rb1 Bg4 13. Qd2 Be6 14. f4
Qb6+ 15. Qf2 c5 16. Bxf6 Bxf6 17. f5 Bd7 18. Nd5 Qa6 19. Nxf6+ gxf6 20. Qg3+
Kh8 21. a3 Rg8 22. Qc3 Qe2 23. Qxf6+ Rg7 24. Rf2 Qxe4 25. Qd8+ Be8 26. Qxd6 h5
27. Qf4 Qc6 28. Qf3 f6 29. Qxc6 Bxc6 30. Rd1 Kh7 31. Rd6 Be4 32. Rxf6 Rd7 33.
Re2 Rd1+ 34. Kf2 Rd4 35. Rf7+ Kg8 36. Rxa7 Kf8 37. c3 Rd8 38. Rxe4 Rd2+ 39. Re2
Rd5 40. Ke3 Re5+ 41. Kd3 Rd5+ 42. Kc4 Rxf5 43. Ree7 Kg8 44. Re8+ Rf8 45. Rxf8+
Kxf8 46. b4 cxb4 47. axb4 Ke8 48. Kd5 Kd8 49. Kc6 Ke8 50. Kd6 Kf8 51. Ke6 Kg8
52. Kf6 Kh8 53. Kg6
1-0

[Event "Åpent Hordalandsmesterskap NGP 2016"]
[Site "SOS Barnebyer, Olsvik"]
[Date "2016.05.28"]
[Round "3"]
[White "Opdahl, Jens Christian L"]
[Black "Merkesvik, Amalie Isabel"]
[Result "1/2-1/2"]
[WhiteElo "1172"]
[BlackElo "1484"]
[PlyCount "119"]
[EventDate "2016.??.??"]

1. e4 e5 2. Nf3 Nc6 3. Bc4 Bc5 4. c3 d6 5. d3 h6 6. Be3 Bb6 7. Nbd2 Nf6 8. O-O
Ng4 9. Bxb6 axb6 10. d4 O-O 11. Re1 Nf6 12. h3 Re8 13. Qc2 exd4 14. cxd4 Qe7
15. a3 Qd8 16. Rad1 Ne7 17. Bb3 d5 18. e5 Bf5 19. Qc3 Ne4 20. Nxe4 Bxe4 21. Nd2
Bf5 22. Nb1 Rc8 23. Qf3 Be4 24. Qf4 Ng6 25. Qg3 c6 26. Rxe4 dxe4 27. Qxg6 Re7
28. Qxe4 Qc7 29. Qf5 Rd8 30. Qf4 c5 31. d5 Rxe5 32. d6 Rxd6 33. Qxf7+ Qxf7 34.
Bxf7+ Kxf7 35. Rxd6 Re1+ 36. Kh2 Rxb1 37. Rxb6 c4 38. Rxb7+ Kf6 39. Rc7 Rxb2
40. Rxc4 Rxf2 41. Rc3 Ra2 42. Kg3 g5 43. Kf3 h5 44. g4 h4 45. Ke4 Re2+ 46. Kd4
Rd2+ 47. Kc4 Rg2 48. a4 Ke6 49. a5 Kd6 50. Kb4 Kd7 51. a6 Rb2+ 52. Rb3 Ra2 53.
Kb5 Kc7 54. Rb4 Kb8 55. Kb6 Ra3 56. Rd4 Rb3+ 57. Ka5 Ra3+ 58. Kb5 Rxh3 59. Rd8+
Ka7 60. Rd7+
1/2-1/2

[Event "Åpent Hordalandsmesterskap NGP 2016"]
[Site "SOS Barnebyer, Olsvik"]
[Date "2016.05.28"]
[Round "3"]
[White "Sunde, Nicholas"]
[Black "Haldorsen, Benjamin"]
[Result "0-1"]
[WhiteElo "1134"]
[BlackElo "2198"]
[PlyCount "40"]
[EventDate "2016.??.??"]

1. d4 d5 2. c4 dxc4 3. Nc3 e5 4. e3 exd4 5. exd4 Nc6 6. d5 Ne5 7. Bf4 Bd6 8.
Bxe5 Bxe5 9. Bxc4 Nf6 10. Nge2 O-O 11. O-O a6 12. a4 Re8 13. Qd3 Bd6 14. Rfe1
Ng4 15. h3 Ne5 16. Qd4 Bxh3 17. Bb3 Nf3+ 18. gxf3 Qg5+ 19. Ng3 Bxg3 20. Ne4
Bh2+
0-1

[Event "Åpent Hordalandsmesterskap NGP 2016"]
[Site "SOS Barnebyer, Olsvik"]
[Date "2016.05.28"]
[Round "3"]
[White "Haugsvær, Lisbeth"]
[Black "Kringstad, Svein Erik"]
[Result "1-0"]
[WhiteElo "1414"]
[BlackElo "1058"]
[PlyCount "79"]
[EventDate "2016.??.??"]

1. d4 Nf6 2. Nf3 e6 3. g3 b6 4. Bg2 Bb7 5. O-O Be7 6. c4 d6 7. Nc3 O-O 8. Re1
Nbd7 9. e4 e5 10. d5 Rc8 11. Nh4 Re8 12. Nf5 Bf8 13. Bg5 c6 14. dxc6 Rxc6 15.
b3 g6 16. Nh6+ Kg7 17. Ng4 a6 18. Nd5 Be7 19. Nxe7 Qxe7 20. Re3 Qe6 21. Bh3
Nxg4 22. Bxg4 f5 23. exf5 gxf5 24. Bh5 Rf8 25. Qd3 Nc5 26. Qe2 f4 27. gxf4 Qf5
28. Qf3 Ne6 29. Be7 Rg8 30. fxe5 Kh6+ 31. Kf1 Qxh5 32. Qf6+ Rg6 33. Bf8+ Nxf8
34. Qxf8+ Rg7 35. Qf6+ Rg6 36. Qf8+ Rg7 37. e6 Rc8 38. e7 Re8 39. Re6+ Kg5 40.
Qxg7+
1-0

[Event "Åpent Hordalandsmesterskap NGP 2016"]
[Site "SOS Barnebyer, Olsvik"]
[Date "2016.05.28"]
[Round "3"]
[White "Merkesvik, Sondre"]
[Black "Khan, Imad Ali"]
[Result "1-0"]
[WhiteElo "2242"]
[BlackElo "1412"]
[PlyCount "111"]
[EventDate "2016.??.??"]

1. e4 c6 2. Nc3 d5 3. Nf3 Bg4 4. h3 Bxf3 5. Qxf3 e6 6. d4 dxe4 7. Qxe4 Nf6 8.
Qd3 Bd6 9. Be2 O-O 10. Bg5 Nbd7 11. Ne4 Be7 12. Ng3 h6 13. Bd2 Bd6 14. O-O Nd5
15. Bf3 Qc7 16. c4 N5f6 17. Ne2 e5 18. Bc3 exd4 19. Nxd4 Ne5 20. Qe2 Nxf3+ 21.
Qxf3 Be5 22. Rfe1 Nd7 23. Nf5 Kh7 24. Bxe5 Nxe5 25. Qg3 g6 26. Rxe5 gxf5 27.
Qf4 Rae8 28. Qxf5+ Kg7 29. Rae1 Rxe5 30. Rxe5 Rd8 31. g3 Qd7 32. Qe4 Qxh3 33.
Qe2 Qd7 34. Re7 Qd1+ 35. Qxd1 Rxd1+ 36. Kg2 Rc1 37. Rxb7 Rxc4 38. Rxa7 Rc2 39.
Rb7 c5 40. a4 c4 41. Rb4 c3 42. bxc3 Rxc3 43. Kf1 Rc2 44. Ke1 Ra2 45. Rf4 Kg6
46. Kd1 Kg7 47. Kc1 Re2 48. Kb1 Kg6 49. a5 Re5 50. Ra4 Re7 51. a6 Ra7 52. Kc2
f5 53. Kd3 Kg5 54. Kd4 h5 55. Kc5 Ra8 56. a7
1-0

[Event "Åpent Hordalandsmesterskap NGP 2016"]
[Site "SOS Barnebyer, Olsvik"]
[Date "2016.05.28"]
[Round "3"]
[White "Borlaug, Jonas Kleppe"]
[Black "Mansoor, Areeb"]
[Result "1-0"]
[WhiteElo "529"]
[BlackElo "543"]
[PlyCount "67"]
[EventDate "2016.??.??"]

1. e4 e5 2. Nf3 Nc6 3. Nc3 Bb4 4. Bc4 Nf6 5. d3 d6 6. h3 Be6 7. Bxe6 fxe6 8.
Bg5 h6 9. Bxf6 Qxf6 10. O-O Nd4 11. Nxd4 exd4 12. Ne2 O-O 13. a3 Bc5 14. c3
dxc3 15. Nxc3 Qh4 16. Qe2 Rf7 17. Nd1 Raf8 18. Rc1 Bb6 19. Rc4 d5 20. exd5 exd5
21. Rxh4 Rf6 22. Ne3 d4 23. Ng4 Rg6 24. Qd2 Kh7 25. Nxh6 c6 26. Nf5+ Kg8 27.
Ne7+ Kf7 28. Nxg6 Kxg6 29. Rf4 Rh8 30. Qe2 Bc7 31. Qg4+ Kh7 32. Re4 Kg8 33.
Qe6+ Kh7 34. Rh4#
1-0

[Event "Åpent Hordalandsmesterskap NGP 2016"]
[Site "SOS Barnebyer, Olsvik"]
[Date "2016.05.28"]
[Round "3"]
[White "Hina, Ariza"]
[Black "Fjeldstad, Monica Lauvik"]
[Result "1-0"]
[WhiteElo "1069"]
[BlackElo "711"]
[PlyCount "137"]
[EventDate "2016.??.??"]

1. e4 c6 2. d4 d5 3. Nc3 dxe4 4. Nxe4 Bf5 5. Ng3 Bg6 6. Nf3 Nd7 7. Bd3 Bxd3 8.
Qxd3 Ngf6 9. O-O e6 10. Bg5 Be7 11. Rfe1 O-O 12. Ne5 Nd5 13. Bxe7 Qxe7 14. Nxd7
Qxd7 15. c4 Nf6 16. Rad1 Rad8 17. Re3 Rfe8 18. Qd2 e5 19. Rd3 e4 20. Re3 Re7
21. Qe2 Rde8 22. h3 a6 23. Re1 Qe6 24. Qc2 b5 25. cxb5 cxb5 26. b3 Qd5 27. Qc5
Qxc5 28. dxc5 Nd5 29. Rxe4 Rxe4 30. Rxe4 Rxe4 31. Nxe4 f6 32. Kf1 Kf8 33. Ke2
Ke7 34. Kd3 Nb4+ 35. Kd4 Nxa2 36. Kd5 Kd7 37. c6+ Kc7 38. Kc5 Nc1 39. Nd2 Nd3+
40. Kd4 Nb4 41. Kc5 Nxc6 42. b4 Ne5 43. Kd4 Kb6 44. f4 Nc6+ 45. Kc3 a5 46.
bxa5+ Kxa5 47. Nb3+ Ka4 48. Nc5+ Ka3 49. Ne6 b4+ 50. Kc2 Ka2 51. Nc5 Na5 52.
Kd3 Nb3 53. Kc4 Nxc5 54. Kxb4 Ne4 55. Kc4 f5 56. Kd5 Ng3 57. Ke6 Nh5 58. Kxf5
Nxf4 59. Kxf4 Kb3 60. Ke5 Kc4 61. Ke6 Kd4 62. Kf7 g5 63. Kg7 h5 64. Kg6 Ke4 65.
Kxg5 Ke3 66. Kxh5 Kf2 67. g4 Kf3 68. g5 Kf4 69. g6
1-0

[Event "Åpent Hordalandsmesterskap NGP 2016"]
[Site "SOS Barnebyer, Olsvik"]
[Date "2016.05.28"]
[Round "3"]
[White "Mansoor, Afras"]
[Black "Brattetveit, Olav"]
[Result "1-0"]
[WhiteElo "1633"]
[BlackElo "1034"]
[PlyCount "81"]
[EventDate "2016.??.??"]

1. d4 d5 2. c4 c6 3. Nf3 Nf6 4. e3 e6 5. Nc3 Bd6 6. Bd3 O-O 7. O-O dxc4 8. Bxc4
Nbd7 9. e4 e5 10. Be3 Re8 11. Qb3 Re7 12. Ng5 Qe8 13. f4 exd4 14. Bxd4 Nc5 15.
Bxf7+ Kh8 16. Bxe8 Nxb3 17. axb3 Nxe8 18. e5 Bb4 19. f5 Rd7 20. Ne2 h6 21. f6
hxg5 22. f7 Nc7 23. f8=Q+ Bxf8 24. Rxf8+ Kh7 25. Rxa7 Rb8 26. Bc3 Nd5 27. e6
Re7 28. Be5 Nc7 29. Bd6 Nxe6 30. Rxc8 Rxc8 31. Bxe7 Re8 32. Rxb7 Nd8 33. Bxd8
Rxe2 34. Bf6 Kg6 35. Bc3 Kf5 36. Rxg7 Kf4 37. Rf7+ Kg4 38. Rf6 Kh4 39. Rxc6 g4
40. Rc4 Kg5 41. b4
1-0

[Event "Åpent Hordalandsmesterskap NGP 2016"]
[Site "SOS Barnebyer, Olsvik"]
[Date "2016.05.28"]
[Round "3"]
[White "Rønnestad, Liam Jansson"]
[Black "Ringen, Julian Lothe"]
[Result "1-0"]
[WhiteElo "1240"]
[BlackElo "878"]
[PlyCount "41"]
[EventDate "2016.??.??"]

1. e4 e5 2. f4 exf4 3. Nf3 Nf6 4. Nc3 Bc5 5. d4 Bb4 6. Bd3 O-O 7. O-O Bxc3 8.
bxc3 d6 9. Bxf4 Bg4 10. Qe1 Bh5 11. Rd1 Qe7 12. e5 dxe5 13. dxe5 Qc5+ 14. Be3
Qd5 15. exf6 Qxa2 16. Qg3 g6 17. Qg5 Qe6 18. Bd4 Nd7 19. Qh6 Nxf6 20. Ng5 Bxd1
21. Bxf6
1-0

[Event "Åpent Hordalandsmesterskap NGP 2016"]
[Site "SOS Barnebyer, Olsvik"]
[Date "2016.05.28"]
[Round "3"]
[White "Havnerås, Ivar"]
[Black "Næss, Shjalg Ole"]
[Result "0-1"]
[WhiteElo "835"]
[BlackElo "762"]
[PlyCount "90"]
[EventDate "2016.??.??"]

1. e4 c5 2. Nf3 d6 3. d4 cxd4 4. Nxd4 Nf6 5. Nc3 e6 6. Be3 Be7 7. f3 Bd7 8. Qd2
Nc6 9. O-O-O O-O 10. g4 a6 11. h4 Ne8 12. g5 f6 13. gxf6 Bxf6 14. h5 Bxd4 15.
Bxd4 Nxd4 16. Qxd4 Rxf3 17. Be2 Rf8 18. Rhg1 Qf6 19. Qd2 Qf4 20. Qxf4 Rxf4 21.
Rg2 Bc6 22. Bd3 e5 23. Rdg1 Rd8 24. Nd5 Bxd5 25. exd5 Rd7 26. h6 g6 27. Bxg6
hxg6 28. Rxg6+ Kh7 29. Re6 Nc7 30. Reg6 Nxd5 31. Rg8 Nf6 32. R8g6 e4 33. Kd1 d5
34. Ke2 d4 35. Rg7+ Rxg7 36. Rxg7+ Kxh6 37. Rxb7 Ng4 38. Rb6+ Kh5 39. Rxa6 Rf2+
40. Kd1 Ne3+ 41. Ke1 Rxc2 42. Re6 Ng2+ 43. Kd1 Ne3+ 44. Ke1 d3 45. Re5+ Kg6
0-1